MDQL
is popping MORE tags! Check the
thread
!
Quizzes
Events
Quiz Creation
Community
Videos
Private Events
Remove Ads
Sign In
Join for FREE
Feedback
Dark Mode
Quiz Categories
Sports
Geography
Music
Movies
Television
Just For Fun
Miscellaneous
History
Literature
Language
Science
Gaming
Entertainment
Religion
Holiday
For Kids
Quiz Lab
Recent
Popular Today
Quiz Kudos Today
Editor Picks
Curator Picks
Quizzes by...
Day
Popularity
Type
Ratings
Length
Year
Community
Subscriptions
Recent Discussions
Orange Saloon
Badges
Playlists
Quests
Create
Leaderboards
Showdown
Live 5
Trivia Bingo
Activity
Puzzle Library
Sporcle Events
Private Events
Virtual Trivia
Globe League
Become a Host
Pub Owners
SporcleCon
Opinionation
Our Games
Videos
Blog
Mobile Apps
Partnerships
Remove Ads and Go Orange
Feedback
Sports
Athletes
MLB
NBA
NHL
NFL
Soccer
Sports Teams
WWE
NCAA
Football
Premier League
Basketball
Baseball
Hockey
Golf
Tennis
Cricket
Rugby
Auto Racing
Olympics
World Cup
Sports
Athletes
MLB
NBA
NHL
NFL
Soccer
Sports Teams
WWE
NCAA
Football
Premier League
Basketball
Baseball
Hockey
Golf
Tennis
Cricket
Rugby
Auto Racing
Olympics
World Cup
Random Quiz
Search Sporcle
×
Quiz Lab
Quiz Lab
Sports
NASCAR
Type in answers that appear in a list
Type in answers that appear in a list
Classic
Best Score? Go Orange.
NASCAR, Most 2nd Place Finishes Stats
Can you name the Drivers with the Most 2nd Place Finishes in NASCAR* History?
By
thehotstepper
9m
100 Questions
339 Plays
339 Plays
339 Plays
Comments
Comments
Give Quiz Kudos
Give Quiz Kudos
-
- Ratings
hide this ad
More Info
Replay
Link that replays current quiz
Next Quiz
Link to next quiz in quiz playlist
You Got
0%
They Got
Avg Score
43%
Avg Friend Score
Upgrade to see
Score Distribution
Jump to the score distribution portion of the page
Score
0/100
Timer
09:00
0
Plays Today
2nd Place Finishes
Driver
% Correct
156
Richard Petty
93.5%
64
Jeff Gordon
87.9%
70
Dale Earnhardt
85.5%
48
Lee Petty
85.5%
5
Kyle Petty
85.3%
18
Dale Earnhardt Jr.
84.7%
40
Jimmie Johnson
84.1%
61
Mark Martin
83.5%
21
Kyle Busch
82.6%
18
Kurt Busch
81.1%
58
Darrell Waltrip
80.2%
87
Bobby Allison
77.9%
18
Junior Johnson
77%
90
David Pearson
76.7%
7
Michael Waltrip
76.4%
42
Tony Stewart
75.5%
42
Terry Labonte
72.9%
22
Matt Kenseth
72.9%
29
Bobby Labonte
72.6%
23
Kevin Harvick
72.6%
42
Rusty Wallace
72.3%
12
Davey Allison
72.3%
13
Donnie Allison
71.1%
29
Bill Elliott
70.8%
59
Cale Yarborough
68.1%
32
Dale Jarrett
68.1%
37
Ned Jarrett
67%
20
Carl Edwards
66.4%
4
Bobby Johns
66.4%
25
Jeff Burton
60.2%
30
Ricky Rudd
59%
17
Kasey Kahne
58.4%
16
Denny Hamlin
58.4%
5
Ward Burton
58.4%
2nd Place Finishes
Driver
% Correct
15
Ryan Newman
58.1%
17
Sterling Marlin
57.8%
7
Greg Biffle
57.8%
5
Brad Keselowski
55.8%
6
Martin Truex Jr.
53.4%
56
Buck Baker
52.5%
42
Buddy Baker
52.2%
35
Harry Gant
51%
17
Geoffrey Bodine
50.4%
8
Jamie McMurray
49.6%
19
Tim Flock
48.4%
31
Benny Parsons
47.5%
8
Clint Bowyer
46.6%
22
Fireball Roberts
46.3%
20
Fonty Flock
45.4%
11
Alan Kulwicki
45.4%
9
Ken Schrader
44.8%
4
Bob Flock
44.5%
21
Ernie Irvan
43.1%
19
Jack Smith
42.8%
10
Jeremy Mayfield
41%
25
Herb Thomas
40.4%
4
Jimmy Spencer
36.9%
27
Rex White
35.7%
13
Morgan Shepherd
35.4%
28
Joe Weatherly
35.1%
11
Tim Richmond
35.1%
7
G.C. Spencer
34.8%
36
Bobby Isaac
33.9%
6
A.J. Foyt
33.9%
12
Neil Bonnett
33.6%
9
LeeRoy Yarbrough
32.7%
4
Dave Marcis
31.9%
16
Fred Lorenzen
29.5%
2nd Place Finishes
Driver
% Correct
9
Tiny Lund
27.4%
13
Curtis Turner
26%
18
James Hylton
23.9%
15
Speedy Thompson
21.8%
34
Jim Paschal
21.5%
24
Marvin Panch
20.9%
4
Ted Musgrave
19.2%
18
Cotton Owens
16.5%
8
Charlie Glotzbach
15%
19
Dick Hutcherson
12.4%
11
Paul Goldsmith
12.4%
8
Glen Wood
12.1%
4
Tommy Irwin
11.5%
11
Darel Dieringer
11.2%
7
Lennie Pond
11.2%
5
Elmo Langley
11.2%
5
Dick Brooks
10.6%
23
Dick Rathman
9.1%
9
Bob Welborn
6.8%
5
Jim Reed
6.8%
6
Tom Pistone
4.7%
4
Neil Castles
4.4%
4
Johnny Beauchamp
3.8%
8
Lloyd Dane
3.2%
5
Ralph Moody
2.9%
6
Eddie Pagan
2.4%
6
Bill Blair
2.4%
6
Billy Myers
2.4%
5
Bill Amick
1.5%
4
Joe Eubanks
1.5%
5
Jimmie Lewallen
1.2%
5
Gober Sosebee
0.9%
Quiz Playlist
Details
Report
Send in Message
Add To Playlist
More Info:
*Cup Series. As of the end of the 2012 Sprint Cup season.
Classic:
Type in answers that appear in a list
Quiz Source
Last Updated: Feb 16, 2017
Quiz Scoreboard
CHALLENGE
Sign Up to Join the Scoreboard
Show All
Scores
Hide
Comments
May contain spoilers
Recently Published
Find the 'City' Movie
by crazypaving
Movies
60s
5x2 Blitz: Bands
by SL_Kpop136
Music
30s
Colored Red Africa Blitz
by spor1
Geography
30s
More to Explore
Quiz From the Vault
Featured Blog Post
14 Easter Pick-up Lines to Find Eggs With
hide this ad
You Might Also Like...
Tags
finish
NASCAR
Nascar Driver
Racing
Second Place
Stats Leaders
Today's Top Quizzes in Sports
Browse Sports
hide this ad
Today's Top Quizzes in NASCAR
Browse NASCAR
Top Contributed Quizzes in Sports
1
Players with Multiple 50 Home Run Seasons
2
Who Needs Fielders?
3
Criteria MLB: Left Handed Sluggers
4
MLB Players with Two .350 Batting Average Seasons
5
Who Hit More Homers?
6
2020 F1 Drivers Logic Puzzle
7
NBA Teammate Connections
8
Premier League Clubs since 2000 (minefield)
9
MLB Teams by First Game
10
Top 10 NHL Goal Scorers of All Time
Explore More
Trending Topics
NBA
Marvel
Crossword
Harry Potter
Anime
Kpop
Disney
Pokémon
Country
NFL
The Office
WWE
Puzzle
Song
Soccer
hide this ad
More By:
thehotstepper
Quiz
Plays
Rating
Category
Featured
Created
Stuttering #1 Hits
65,594
3.27
Music
Nov 15, 2009
'Walking in Memphis' Lyrics
2,677
5.00
Music
Dec 14, 2011
#1 Hit Trivia
1,650
4.44
Music
Dec 13, 2010
The Beach Boys (Members)
716
4.67
Music
Mar 27, 2010
NASCAR Nationwide Series Champions (1984-2012
619
3.50
Sports
Sep 27, 2009
Go to Creator's Profile
Score Distribution
Quiz Creator Spotlight
thehotstepper
Follow
Send a Message
Quizzes Created
-
Created Quiz Play Count
-
More By This Creator
Popular Quizzes Today
1
Find the 'City' Movie
2
5x2 Blitz: Bands
3
Colored Red Africa Blitz
4
Find the US States - No Outlines Minefield
5
The Countries of the World
6
Find the US States
7
9x9 Crossword: Cartoon Network
8
US States
More Sports Quizzes
NBA Western Conference Runners-up Starting Lineups
Quiz Lab
Trending Quizzes
Colored Red Africa Blitz II
Colored Red Europe Blitz I
Colored Red Africa Blitz III
Colored Red Europe Blitz II
Colored Red Europe Blitz III
Recently Updated
Champions League XIs: Real Madrid
pecheneg
Largest US Cities 1790-2010
pecheneg
Rides in Walt Disney World
pecheneg
Most Oscar Losses (Acting)
pecheneg
Beyoncé Albums
pecheneg
Leaping Animals
pecheneg
Reality TV Shows (A-Z)
bhenderson79
Rickey Henderson's Hall of Fame Teammates
pecheneg
Champions League XIs: Arsenal
pecheneg
Quick Pick: Celebrities in WWE's Hall of Fame
aduchscher
Trending Topics
Disney
Marvel
NBA
Harry Potter
Crossword
Anime
Kpop
NFL
Country
Puzzle
WWE
Soccer
Song
The Office
Pokémon
Your Account Isn't Verified!
In order to create a playlist on Sporcle, you need to verify the email address you used during registration. Go to your
Sporcle Settings
to finish the process.
Report this User
Report this user for behavior that violates our
Community Guidelines
.
Details:
Send Report
Go to the Sporcle.com Mobile Site →
Comments